Statistics for Avril Lavigne Lyrics with No Hints (1)

Click here to take the quiz!

General Stats

  • This quiz has been taken 148 times
  • The average score is 77 of 157

Answer Stats

Lyrics% Correct
*chorus*
100%
you
95%
I
94%
a
92%
the
77%
do?
75%
do
75%
to
70%
me
67%
and
61%
and)
61%
what
61%
What
61%
no
60%
go
59%
like
58%
(on
57%
on
57%
was
57%
am
56%
don't
55%
I'm
54%
want
54%
it
53%
My
52%
my
52%
is
51%
that
48%
never
45%
are
44%
this
44%
If
43%
if
43%
would
43%
can't
41%
All
40%
all
40%
said
39%
just
38%
there
37%
Take
36%
take
36%
away
34%
away)
34%
by
34%
one
34%
think
34%
way
34%
get
32%
need
32%
It's
31%
wish
31%
feel
30%
knew?
30%
knew
30%
them
28%
Cause
27%
come
27%
off
27%
head
26%
going
25%
alone
23%
back
23%
Back
23%
myself
23%
thought
23%
find
22%
hurt
21%
Break
20%
words
20%
hide
19%
inside
19%
pain
19%
show
19%
cannot
18%
you'd
18%
around
17%
cold
17%
confusion
16%
describe
16%
forth
16%
getting
16%
handle
16%
thoughts
16%
unable
16%
understand
16%
lead
15%
nowhere
14%
understands
14%

Score Distribution

Percentile by Number Answered

Percent of People with Each Score

Your Score History

You have not taken this quiz